书目信息 |
| 题名: |
快速阅读
|
|
| 作者: | 束定芳 著 | |
| 分册: | 2 | |
| 出版信息: | 上海 上海外语教育出版社 2007.08 |
|
| 页数: | 121页 | |
| 开本: | 26cm | |
| 丛书名: | ||
| 单 册: | ||
| 中图分类: | H319.4 | |
| 科图分类: | ||
| 主题词: | 英语 | |
| 电子资源: | ||
| ISBN: | 978-7-5446-0296-9 | |
| 000 | 00858nam0 2200277 450 | |
| 001 | 1330724072 | |
| 005 | 20181218171456.35 | |
| 010 | @a978-7-5446-0296-9@dCNY18.00 | |
| 100 | @a20100706d2007 km y0chiy0120 ea | |
| 101 | 0 | @achi |
| 102 | @aCN@b150000 | |
| 105 | @ay a 000yy | |
| 200 | 1 | @a快速阅读@Akuai su yue du@h2@f束定芳著@Fshu ding fang zhu |
| 210 | @a上海@c上海外语教育出版社@d2007.08 | |
| 215 | @a121页@e光盘1片@d26cm | |
| 300 | @a新世纪大学英语系列教材/秦秀白总主编 | |
| 307 | @a附光盘: ISBN 978-7-900717-26-9 | |
| 330 | @a本教程每册分为8个单元。阅读材料选择的主要范围为:散文、科学论文、科普作品、广告、说明书等。 | |
| 410 | 0 | @12001 |
| 540 | @a快速阅读 | |
| 606 | @a英语 | |
| 690 | @aH319.4@v4 | |
| 701 | 0 | @a束定芳@Ashu ding fang@4著 |
| 801 | @aCN@bDYGS@c20100701 | |
| 901 | @a210721 | |
| 905 | @b961007-9@dH319.4@eS656:2@f3 | |
| 快速阅读.2/束定芳著.-上海:上海外语教育出版社,2007.08 |
| 121页+光盘1片;26cm |
| 新世纪大学英语系列教材/秦秀白总主编 |
| ISBN 978-7-5446-0296-9:CNY18.00 |
| 本教程每册分为8个单元。阅读材料选择的主要范围为:散文、科学论文、科普作品、广告、说明书等。 |
| ● |
| 相关链接 |
|
|
|
正题名:快速阅读
索取号:H319.4/S656:2
 
预约/预借
| 序号 | 登录号 | 条形码 | 馆藏地/架位号 | 状态 | 备注 |
| 1 | 1301068 | 213010686 | 语言库209/209语言库 48排4列6层/ [索取号:H319.4/S656:2] | 在馆 | |
| 2 | 1301307 | 213013077 | 语言库209/209语言库 48排4列6层/ [索取号:H319.4/S656:2] | 在馆 | |
| 3 | 492043 | 204920434 | 语言库209/209语言库 48排4列6层/ [索取号:H319.4/S656] | 在馆 | |
| 4 | 494021 | 204940216 | 语言库209/209语言库 48排4列6层/ [索取号:H319.4/S656:2] | 在馆 | |
| 5 | 494172 | 204941723 | 语言库209/209语言库 48排4列6层/ [索取号:H319.4/S656:2] | 在馆 |